জাতীয় বৃক্ষ আমগাছ / (Record no. 31163)
[ view plain ]
| 000 -LEADER | |
|---|---|
| fixed length control field | 00891nam a22002297a 4500 |
| 003 - CONTROL NUMBER IDENTIFIER | |
| control field | BDDh-ASL |
| 005 - DATE AND TIME OF LATEST TRANSACTION | |
| control field | 20231015031234.0 |
| 008 - FIXED-LENGTH DATA ELEMENTS--GENERAL INFORMATION | |
| fixed length control field | 230320m20132016b ||||| |||| 00| 0 b d |
| 040 ## - CATALOGING SOURCE | |
| Transcribing agency | BDDh-ASL |
| 041 ## - LANGUAGE CODE | |
| Language code of text/sound track or separate title | bengali |
| 082 ## - DEWEY DECIMAL CLASSIFICATION NUMBER | |
| Classification number | 909.09 |
| Item number | AHJ |
| 100 1# - MAIN ENTRY--PERSONAL NAME | |
| Personal name | আহমদ, সাব্বির |
| 9 (RLIN) | 7586 |
| 245 10 - TITLE STATEMENT | |
| Title | জাতীয় বৃক্ষ আমগাছ / |
| 246 ## - VARYING FORM OF TITLE | |
| Title proper/short title | Jatiya Brikkho Amgach. |
| 260 ## - PUBLICATION, DISTRIBUTION, ETC. | |
| Place of publication, distribution, etc. | ঢাকা: |
| Name of publisher, distributor, etc. | পরিচয় প্রকাশন, |
| Date of publication, distribution, etc. | ২০১৬। |
| 300 ## - PHYSICAL DESCRIPTION | |
| Extent | ২৪৮ পৃষ্ঠা: |
| Other physical details | রঙিন ছবি; |
| Dimensions | ২২ সে.মি. |
| 504 ## - BIBLIOGRAPHY, ETC. NOTE | |
| Bibliography, etc. note | গ্রন্থপঞ্জি সংযুক্ত । |
| 650 #0 - SUBJECT ADDED ENTRY--TOPICAL TERM | |
| Topical term or geographic name entry element | History (ইতিহাস) |
| 9 (RLIN) | 4586 |
| 650 #0 - SUBJECT ADDED ENTRY--TOPICAL TERM | |
| Topical term or geographic name entry element | General History (সাধারণ ইতিহাস) |
| 9 (RLIN) | 7588 |
| 650 #0 - SUBJECT ADDED ENTRY--TOPICAL TERM | |
| Topical term or geographic name entry element | Mango (আম) |
| 9 (RLIN) | 7589 |
| General subdivision | Mango Tree (আমগাছ) |
| 942 ## - ADDED ENTRY ELEMENTS (KOHA) | |
| Source of classification or shelving scheme | Dewey Decimal Classification |
| Koha item type | Books |
| Withdrawn status | Lost status | Source of classification or shelving scheme | Damaged status | Not for loan | Collection code | Home library | Current library | Shelving location | Date acquired | Source of acquisition | Total Checkouts | Full call number | Barcode | Date last seen | Copy number | Price effective from | Koha item type | Public note |
|---|---|---|---|---|---|---|---|---|---|---|---|---|---|---|---|---|---|---|
| Dewey Decimal Classification | Non-fiction | Asiatic Society Library | Asiatic Society Library | General Stacks | 03/20/2023 | Purchase Book | 909.09 AHJ | 119783 | 03/20/2023 | C-1 | 03/20/2023 | Books | Y-2016 | |||||
| Dewey Decimal Classification | Non-fiction | Asiatic Society Library | Asiatic Society Library | General Stacks | 03/20/2023 | Purchase Book | 909.09 AHJ | 119784 | 03/20/2023 | C-2 | 03/20/2023 | Books | Y-2016 | |||||
| Dewey Decimal Classification | Non-fiction | Asiatic Society Library | Asiatic Society Library | General Stacks | 03/20/2023 | Purchase Book | 909.09 AHJ | 119785 | 03/20/2023 | C-3 | 03/20/2023 | Books | Y-2016 | |||||
| Dewey Decimal Classification | Non-fiction | Asiatic Society Library | Asiatic Society Library | General Stacks | 04/26/2023 | Purchase Book | 909.09 AHJ | 120931 | 04/26/2023 | C-4 | 04/26/2023 | Books | Y-2016 |